How to study / (Record no. 284696)
[ view plain ]
| 000 -LEADER | |
|---|---|
| fixed length control field | 00718cam a2200217 a 4500 |
| 003 - CONTROL NUMBER IDENTIFIER | |
| control field | PILC |
| 005 - DATE AND TIME OF LATEST TRANSACTION | |
| control field | 20150905095530.0 |
| 008 - FIXED-LENGTH DATA ELEMENTS--GENERAL INFORMATION | |
| fixed length control field | 030810s ph 000 0 eng d |
| 010 ## - LIBRARY OF CONGRESS CONTROL NUMBER | |
| LC control number | 7493452 |
| 050 00 - LIBRARY OF CONGRESS CALL NUMBER | |
| Classification number | LB 1049 |
| Item number | .M847 1973 |
| 100 1# - MAIN ENTRY--PERSONAL NAME | |
| Personal name | Morgan, Clifford Thomas. |
| 245 10 - TITLE STATEMENT | |
| Title | How to study / |
| Statement of responsibility, etc | Clifford T. Morgan, James Deese. |
| 250 ## - EDITION STATEMENT | |
| Edition statement | 2nd edition. |
| 260 ## - PUBLICATION, DISTRIBUTION, ETC. (IMPRINT) | |
| Place of publication, distribution, etc | Manila : |
| Name of publisher, distributor, etc | National Book Store, |
| Date of publication, distribution, etc | 1973. |
| 300 ## - PHYSICAL DESCRIPTION | |
| Extent | x, 157 pages : |
| Other physical details | illustrations ; |
| Dimensions | 26 cm. |
| 500 ## - GENERAL NOTE | |
| General note | Includes bibliographical references and index. |
| 500 ## - GENERAL NOTE | |
| General note | Reprint. Originally published: New York : McGraw-Hill, c1969. |
| 650 #0 - SUBJECT ADDED ENTRY--TOPICAL TERM | |
| Topical term or geographic name as entry element | Study, Method of. |
| 700 1# - ADDED ENTRY--PERSONAL NAME | |
| Personal name | Deese, James Earle, |
| Dates associated with a name | 1921- |
| 942 ## - ADDED ENTRY ELEMENTS (KOHA) | |
| Source of classification or shelving scheme | Library of Congress Classification |
| Koha item type | Books |
| Call number prefix | Local |
| Withdrawn status | Lost status | Source of classification or shelving scheme | Damaged status | Home library | Current library | Shelving location | Date acquired | Source of acquisition | Total Checkouts | Full call number | Barcode | Date last seen | Price effective from | Koha item type |
|---|---|---|---|---|---|---|---|---|---|---|---|---|---|---|
| Library of Congress Classification | College Library | College Library | General Circulation Section | 06/03/2015 | Library Fund | LB 1049 .M847 1973 | C19538 | 05/15/2018 | 06/03/2015 | Books |